| 000 | 00545nam a2200229Ia 4500 | ||
|---|---|---|---|
| 003 | 0100 | ||
| 008 | 130227s9999 xx 000 0 und d | ||
| 040 | _cARRUPELIB | ||
| 050 | _aBJ1461.F75 2003 | ||
| 245 | _aFree will | ||
| 250 | _a2nd (ed.) | ||
| 260 | _aOxford | ||
| 260 | _bOxford University Pres | ||
| 260 | _C2003 | ||
| 300 | _avi | ||
| 300 | _b 462p. 21cm. | ||
| 440 | _aOxford readings in philosophy | ||
| 650 | _bResearch - Methodology | ||
| 650 | _cScience - Philosophy | ||
| 700 | _aWatson, Gary ed. | ||
| 942 |
_2lcc _02 |
||
| 999 |
_c4181 _d4181 |
||